| 000 | 00483nam a2200205Ia 4500 | ||
|---|---|---|---|
| 003 | OSt | ||
| 005 | 20140312134510.0 | ||
| 008 | 140130s9999 xx 000 0 und d | ||
| 020 | _a9780545060448 | ||
| 050 |
_aPS 3563 _b.W337Be 2009 |
||
| 100 | _aWatson, Jude | ||
| 245 |
_cJude Watson. _aBeyond the grave / |
||
| 260 |
_bScholastic, _c2009. _aNew York : |
||
| 300 |
_a190 p. : _c18 cm. |
||
| 440 | _v1 | ||
| 521 | _aG3 | ||
| 526 | _c550 | ||
| 942 |
_cBK _2lcc |
||
| 999 |
_c40626 _d40626 |
||